<?xml version="1.0" encoding="UTF-8"?>
<record
    xmlns:xsi="http://www.w3.org/2001/XMLSchema-instance"
    xsi:schemaLocation="http://www.loc.gov/MARC21/slim http://www.loc.gov/standards/marcxml/schema/MARC21slim.xsd"
    xmlns="http://www.loc.gov/MARC21/slim">

  <leader>02060    a2200217   4500</leader>
  <controlfield tag="001">26306</controlfield>
  <controlfield tag="005">20260407155543.0</controlfield>
  <controlfield tag="008">260407a1967    arg                 spa d</controlfield>
  <controlfield tag="003">AR-UNSa-BCEJYS</controlfield>
  <datafield tag="040" ind1=" " ind2=" ">
    <subfield code="a">AR-UNSa-BCEJYS</subfield>
    <subfield code="b">spa</subfield>
    <subfield code="c">AR-UNSa-BCEJYS</subfield>
  </datafield>
  <datafield tag="080" ind1=" " ind2=" ">
    <subfield code="a">330.4</subfield>
    <subfield code="x">Econom&#xED;a matem&#xE1;tica</subfield>
  </datafield>
  <datafield tag="245" ind1="1" ind2="0">
    <subfield code="a">M&#xE9;todos fundamentales de econom&#xED;a matem&#xE1;tica</subfield>
  </datafield>
  <datafield tag="264" ind1=" " ind2="1">
    <subfield code="a">Buenos Aires :</subfield>
    <subfield code="b">Amorrortu Editores</subfield>
    <subfield code="c">1967</subfield>
  </datafield>
  <datafield tag="300" ind1=" " ind2=" ">
    <subfield code="a">801 p.</subfield>
    <subfield code="c">24 cm.</subfield>
  </datafield>
  <datafield tag="505" ind1=" " ind2=" ">
    <subfield code="a">Parte I: Introducci&#xF3;n : 1. La naturaleza de la econom&#xED;a matem&#xE1;tica - 2. Modelos econ&#xF3;micos - Parte II : An&#xE1;lisis est&#xE1;tico( o de equilibrio): 3. El an&#xE1;lisis de equilibrio en la econom&#xED;a - 4. Modelos lineales y &#xE1;lgebra matricial - 5. Modelos lineales y &#xE1;lgebra matricial(continuaci&#xF3;n) - Parte III : An&#xE1;lisis est&#xE1;tico-comparativo : 6. La est&#xE1;tica comparativa y el concepto de derivadas - 7. Reglas de diferenciaci&#xF3;n y su uso en la est&#xE1;tica comparativa - 8. An&#xE1;lisis est&#xE1;tico- comparativo de modelos de funciones generales - Parte IV : Problemas de optimizaci&#xF3;n : 9. Optimizaci&#xF3;n: una variedad especial del an&#xE1;lisis de equilibrio - 10. Funciones exponenciales y logar&#xED;tmicas - 11. El caso de m&#xE1;s de una variable de elecci&#xF3;n - 12. Optimizaci&#xF3;n restringida - Parte V : An&#xE1;lisis din&#xE1;mico: 13. D&#xED;namica econ&#xF3;mica y c&#xE1;lculo integral - 14. Tiempo continuo: ecuaciones diferenciales de primer orden - 15. Ecuaciones diferenciales de orden superior - 16. El tiempo como variable discreta: ecuaciones en diferencias de primer orden - 17. Ecuaciones en diferencia de orden superior y modelos din&#xE1;micos con ecuaciones simult&#xE1;neas - Parte VI : Programaci&#xF3;n lineal y teor&#xED;a de los juegos : 18. Programci&#xF3;n lineal - 19. Programaci&#xF3;n lineal (continuaci&#xF3;n)- 20. Teor&#xED;a de los juegos - Ap&#xE9;ndice. Soluciones de los ejercicios </subfield>
  </datafield>
  <datafield tag="041" ind1=" " ind2=" ">
    <subfield code="a">spa</subfield>
  </datafield>
  <datafield tag="942" ind1=" " ind2=" ">
    <subfield code="c">BK</subfield>
  </datafield>
  <datafield tag="590" ind1=" " ind2=" ">
    <subfield code="a">niveau_biblio:m niveau_hierar:0</subfield>
  </datafield>
  <datafield tag="100" ind1="1" ind2=" ">
    <subfield code="a">Chiang, Alpha C.</subfield>
  </datafield>
  <datafield tag="856" ind1="4" ind2="1">
    <subfield code="u">https://biblioeco.unsa.edu.ar/pmb/images/libros/Metodos fundamentales de economia matematica-l87950.jpg</subfield>
    <subfield code="y">Imagen de portada</subfield>
    <subfield code="q">image/jpeg</subfield>
  </datafield>
  <datafield tag="999" ind1=" " ind2=" ">
    <subfield code="c">1448</subfield>
    <subfield code="d">1448</subfield>
  </datafield>
  <datafield tag="952" ind1=" " ind2=" ">
    <subfield code="0">0</subfield>
    <subfield code="1">0</subfield>
    <subfield code="4">0</subfield>
    <subfield code="7">0</subfield>
    <subfield code="a">BCEJYS</subfield>
    <subfield code="b">BCEJYS</subfield>
    <subfield code="c">16</subfield>
    <subfield code="d">2026-04-07</subfield>
    <subfield code="l">0</subfield>
    <subfield code="o">330.4 C532</subfield>
    <subfield code="p">L23803</subfield>
    <subfield code="r">2026-04-07 15:55:43</subfield>
    <subfield code="w">2026-04-07</subfield>
    <subfield code="y">L</subfield>
  </datafield>
  <datafield tag="952" ind1=" " ind2=" ">
    <subfield code="0">0</subfield>
    <subfield code="1">0</subfield>
    <subfield code="4">0</subfield>
    <subfield code="7">0</subfield>
    <subfield code="a">BCEJYS</subfield>
    <subfield code="b">BCEJYS</subfield>
    <subfield code="c">16</subfield>
    <subfield code="d">2026-04-07</subfield>
    <subfield code="l">0</subfield>
    <subfield code="o">330.4 C532</subfield>
    <subfield code="p">L23672</subfield>
    <subfield code="r">2026-04-07 15:55:43</subfield>
    <subfield code="w">2026-04-07</subfield>
    <subfield code="y">L</subfield>
  </datafield>
  <datafield tag="952" ind1=" " ind2=" ">
    <subfield code="0">0</subfield>
    <subfield code="1">0</subfield>
    <subfield code="4">0</subfield>
    <subfield code="7">0</subfield>
    <subfield code="a">BCEJYS</subfield>
    <subfield code="b">BCEJYS</subfield>
    <subfield code="c">16</subfield>
    <subfield code="d">2026-04-07</subfield>
    <subfield code="l">0</subfield>
    <subfield code="o">330.4 C532</subfield>
    <subfield code="p">L87950</subfield>
    <subfield code="r">2026-04-07 15:55:43</subfield>
    <subfield code="w">2026-04-07</subfield>
    <subfield code="y">L</subfield>
  </datafield>
  <datafield tag="952" ind1=" " ind2=" ">
    <subfield code="0">0</subfield>
    <subfield code="1">0</subfield>
    <subfield code="4">0</subfield>
    <subfield code="7">0</subfield>
    <subfield code="a">BCEJYS</subfield>
    <subfield code="b">BCEJYS</subfield>
    <subfield code="c">16</subfield>
    <subfield code="d">2026-04-07</subfield>
    <subfield code="l">0</subfield>
    <subfield code="o">330.4 C532</subfield>
    <subfield code="p">L87951</subfield>
    <subfield code="r">2026-04-07 15:55:43</subfield>
    <subfield code="w">2026-04-07</subfield>
    <subfield code="y">L</subfield>
  </datafield>
  <datafield tag="952" ind1=" " ind2=" ">
    <subfield code="0">0</subfield>
    <subfield code="1">0</subfield>
    <subfield code="4">0</subfield>
    <subfield code="7">0</subfield>
    <subfield code="a">BCEJYS</subfield>
    <subfield code="b">BCEJYS</subfield>
    <subfield code="c">16</subfield>
    <subfield code="d">2026-04-07</subfield>
    <subfield code="l">0</subfield>
    <subfield code="o">330.4 C532</subfield>
    <subfield code="p">L87953</subfield>
    <subfield code="r">2026-04-07 15:55:43</subfield>
    <subfield code="w">2026-04-07</subfield>
    <subfield code="y">L</subfield>
  </datafield>
  <datafield tag="952" ind1=" " ind2=" ">
    <subfield code="0">0</subfield>
    <subfield code="1">0</subfield>
    <subfield code="4">0</subfield>
    <subfield code="7">0</subfield>
    <subfield code="a">BCEJYS</subfield>
    <subfield code="b">BCEJYS</subfield>
    <subfield code="c">16</subfield>
    <subfield code="d">2026-04-07</subfield>
    <subfield code="l">0</subfield>
    <subfield code="o">330.4 C532</subfield>
    <subfield code="p">L87952</subfield>
    <subfield code="r">2026-04-07 15:55:43</subfield>
    <subfield code="w">2026-04-07</subfield>
    <subfield code="y">L</subfield>
  </datafield>
  <datafield tag="952" ind1=" " ind2=" ">
    <subfield code="0">0</subfield>
    <subfield code="1">0</subfield>
    <subfield code="4">0</subfield>
    <subfield code="7">0</subfield>
    <subfield code="a">BCEJYS</subfield>
    <subfield code="b">BCEJYS</subfield>
    <subfield code="c">16</subfield>
    <subfield code="d">2026-04-07</subfield>
    <subfield code="l">0</subfield>
    <subfield code="o">330.4 C532</subfield>
    <subfield code="p">L87954</subfield>
    <subfield code="r">2026-04-07 15:55:43</subfield>
    <subfield code="w">2026-04-07</subfield>
    <subfield code="y">L</subfield>
  </datafield>
  <datafield tag="952" ind1=" " ind2=" ">
    <subfield code="0">0</subfield>
    <subfield code="1">0</subfield>
    <subfield code="4">0</subfield>
    <subfield code="7">0</subfield>
    <subfield code="a">BCEJYS</subfield>
    <subfield code="b">BCEJYS</subfield>
    <subfield code="c">16</subfield>
    <subfield code="d">2026-04-07</subfield>
    <subfield code="l">0</subfield>
    <subfield code="o">330.4 C532</subfield>
    <subfield code="p">L127637</subfield>
    <subfield code="r">2026-04-07 15:55:43</subfield>
    <subfield code="w">2026-04-07</subfield>
    <subfield code="y">L</subfield>
  </datafield>
</record>
